[Event "Suedschwaben-ch Seniors"]
[Site "Immenstadt"]
[Date "2013.02.17"]
[Round "6.6"]
[White "Boegner, Helmut"]
[Black "Haeusler, Manfred"]
[Result "0-1"]
[WhiteElo "1130"]
[BlackElo "1459"]
[PlyCount "34"]
[EventDate "2013.02.15"]
[EventType "swiss"]
[EventRounds "6"]
[EventCountry "GER"]
[SourceTitle "EXT 2022"]
[Source "ChessBase"]
[SourceDate "2021.10.06"]
[SourceVersion "1"]
[SourceVersionDate "2021.10.06"]
[SourceQuality "1"]

1. d4 d5 2. e3 e6 3. Nf3 Nf6 4. c4 Be7 5. Be2 0-0 6. 0-0 dxc4 7. Bxc4 b6 8. Nc3 Bb7 9. Be2 Nbd7 10. Bd2 a6 11. Rc1 c5 12. dxc5 Nxc5 13. b4 Nd3 14. Bxd3 Qxd3 15. a3 Bxf3 16. gxf3 Rfd8 17. Be1 Qg6+ 0-1

[Event "Suedschwaben-ch Seniors"]
[Site "Immenstadt"]
[Date "2013.02.15"]
[Round "1.6"]
[White "Boegner, Helmut"]
[Black "Aicher, Hans"]
[Result "0-1"]
[WhiteElo "1130"]
[BlackElo "1715"]
[PlyCount "40"]
[EventDate "2013.02.15"]
[EventType "swiss"]
[EventRounds "6"]
[EventCountry "GER"]
[SourceTitle "EXT 2022"]
[Source "ChessBase"]
[SourceDate "2021.10.06"]
[SourceVersion "1"]
[SourceVersionDate "2021.10.06"]
[SourceQuality "1"]

1. d4 Nf6 2. c4 g6 3. g3 d5 4. Bg2 dxc4 5. Qa4+ Bd7 6. Qxc4 Nc6 7. Nf3 Bg7 8. 0-0 0-0 9. Nc3 a6 10. Rd1 Na5 11. Qd3 Rb8 12. e3 b5 13. b4 Nc4 14. Rb1 Nd6 15. a3 Bf5 16. e4 Nfxe4 17. Rb2 Nxf2 18. Qe2 Nxd1 19. Nxd1 Bg4 20. Qe3 Nc4 0-1